The Zimbabwean nation-state project (Record no. 130413)
[ view plain ]
| 000 -LEADER | |
|---|---|
| fixed length control field | 00684nam a22001817a 4500 |
| 008 - FIXED-LENGTH DATA ELEMENTS--GENERAL INFORMATION | |
| fixed length control field | 200317b ||||| |||| 00| 0 eng d |
| 020 ## - INTERNATIONAL STANDARD BOOK NUMBER | |
| International Standard Book Number | 9789171066961 |
| 050 ## - LIBRARY OF CONGRESS CALL NUMBER | |
| Classification number | DT2996.N385 2011 |
| 100 ## - MAIN ENTRY--PERSONAL NAME | |
| Personal name | Ndlovu-Gatseni, Sabelo J. |
| 9 (RLIN) | 49679 |
| 245 ## - TITLE STATEMENT | |
| Title | The Zimbabwean nation-state project |
| Remainder of title | a historical diagnosis of identity and power-based conflicts in a postcolonial state |
| Statement of responsibility, etc | Sabelo J. Ndlovu-Gatsheni |
| 260 ## - PUBLICATION, DISTRIBUTION, ETC. (IMPRINT) | |
| Place of publication, distribution, etc | Uppsala |
| Name of publisher, distributor, etc | Nordiska Afrikainstitutet |
| Date of publication, distribution, etc | 2011 |
| 300 ## - PHYSICAL DESCRIPTION | |
| Extent | 97p. ; |
| Dimensions | 25cm. |
| 440 ## - SERIES STATEMENT/ADDED ENTRY--TITLE | |
| Title | Discussion Paper |
| Number of part/section of a work | 59 |
| 9 (RLIN) | 49680 |
| 650 ## - SUBJECT ADDED ENTRY--TOPICAL TERM | |
| Topical term or geographic name as entry element | Political culture |
| Geographic subdivision | Zimbabwe |
| 9 (RLIN) | 48049 |
| 651 ## - SUBJECT ADDED ENTRY--GEOGRAPHIC NAME | |
| Geographic name | Zimbabwe |
| General subdivision | History |
| 9 (RLIN) | 9704 |
| 651 ## - SUBJECT ADDED ENTRY--GEOGRAPHIC NAME | |
| Geographic name | Zimbabwe |
| General subdivision | Politics |
| 9 (RLIN) | 48176 |
| 942 ## - ADDED ENTRY ELEMENTS (KOHA) | |
| Source of classification or shelving scheme | Library of Congress Classification |
| Item type | Monograph ( Printed materials) |
| Withdrawn status | Lost status | Source of classification or shelving scheme | Damaged status | Not for loan | Collection code | Home library | Current library | Shelving location | Date acquired | Total Checkouts | Full call number | Barcode | Date last seen | Date last borrowed | Price effective from | Koha item type |
|---|---|---|---|---|---|---|---|---|---|---|---|---|---|---|---|---|
| Library of Congress Classification | Main Collection | ARRUPE LIBRARY | ARRUPE LIBRARY | Main Collection | 17/03/2020 | 3 | DT2996.N385 2011 | 46600006837 | 22/02/2024 | 16/01/2024 | 17/03/2020 | Monograph ( Printed materials) |